00815nam a22001817a 4500003000900000008004100009020001800050040007100068082001500139100002700154245008200181260003200263300002600295505024400321650001300565650002500578650003000603AR-CdUCM190515b ||||| |||| 00| 0 spa d a968-420-005-6 aMUNICIPALIDAD PROVINCIAL DEL CUSCOcBIBLIOTECA MUNICIPAL DEL CUSCO a974 /bM63 aMiranda Basurto, Angel aLa evolución de México :bpara las escuelas de enseñanza preparatoria / aMéxico :bHerrero,c1962. a367 paginas ;c29 cm. aContenido : Antecedentes de la guerra de independencia -- Primera etapa de la guerra de independencia -- Extensión y organización del movimiento insurgente -- Decadencia del movimiento insurgente -- Consumación de la independencia... aMéxico aHistoria de México aIndependencia de México